000 01928nam a2200481Ii 4500
001 DIGSIRLA0785
003 NyNyDIG
006 m o d
007 cr |||||||||||
008 211230s2017 sp o 000 0 spa d
035 _a(OCoLC)1319854916
040 _aDGITA
_beng
_erda
_epn
_cDGITA
020 _a9788417041038
_qeBook
_qePub
020 _z9788416964499
050 1 4 _aP106 ebook
082 0 4 _a401
100 1 _aSteiner, George,
_d1929-2020,
_eauthor.
240 1 0 _aReal presences.
_lSpanish
_s(López Guix)
245 1 0 _aPresencias reales :
_b¿hay algo en lo que decimos? /
_cGeorge Steiner ; prefacio de Claudio Guillén ; traducción del inglés de Juan Gabriel López-Guix.
250 _aEdición en formato digital.
264 1 _aMadrid :
_bSiruela,
_c[2017]
300 _a1 online resource.
336 _atext
_btxt
_2rdacontent
337 _acomputer
_bc
_2rdamedia
338 _aonline resource
_bcr
_2rdacarrier
347 _atext file
_2rdaft
347 _bEPUB
490 1 _aBiblioteca de Ensayo. Serie Mayor ;
_v90
588 0 _aOnline resource; title from ePUB title page (Digitalia, viewed December 30, 2021)
650 0 _aLanguage and languages
_xPhilosophy.
650 0 _aArts
_xPhilosophy.
655 0 _aElectronic books.
700 1 _aGuillén, Claudio,
_econtributor agent of text.
700 1 _aLópez Guix, Juan Gabriel,
_etranslator.
700 1 _iTranslation of:
_aSteiner, George,
_d1929-2020.
_tReal presences.
791 2 _aDigitalia (Firm),
_edistributor.
793 0 _gDigitalia eBook Collection:
_aSiruela
776 0 8 _iPrint version:
_aSteiner, George, 1929-2020.
_sReal presences. Spanish (López Guix).
_tPresencias reales.
_dMadrid : Siruela, [2017]
_z9788416964499
830 0 _aBiblioteca de Ensayo.
_pSerie Mayor ;
_v90.
856 4 0 _3Digitalia Hispánica
_uhttps://www.digitaliapublishing.com/a/68300/
910 _aPremium collection: 2022
942 _cRAA
999 _c262330
_d262330